#4 Arrêts du Conseil d'État L2 - Statistiques

Statistiques générales
  • Ce quiz a été pris 2 fois
  • Le résultat moyen est 3 sur 6
Statistiques - réponses
Arrêt Réponse % Correct
Le Conseil d'État refuse de reconnaitre l'effet direct des directives européennes CE, ass, 22 décembre 1978, Cohn-Bendit
100%
L'administration ne doit pas adopter de mesures règlementaires qui pourrait faire obstacles à la réalisation des objectifs d'une directive européenne CE, 10 janvier 2001, France Nature Environnement
50%
Le juge administratif peut faire un contrôle de constitutionnalité des directives européennes CE, ass, 28 février 1992, SA Rothmans International France
50%
Abandon de la jurisprudence Cohn-Bendit, le Conseil d'État reconnait l'effet direct des directives européennes CE, ass, 30 octobre 2009, Mme Perreux, GAJA
50%
Le juge administratif contrôler la conventionnalité des règlements européens CE, 24 septembre 1990, Boisdet
0%
Les principes généraux du droit de l'UE ont la même valeur que les traités et sont donc supralégislatifs CE, 3 décembre 2001, Syndicat national industrie pharmaceutique
0%
Aucun quiz correspondant
Distribution des résultats
% des personnes avec chaque résultat
Percentile par nombre de réponses
Votre historique - résultats
Vous n’avez pas pris ce quiz